Connections: find sets of four (vol. 7) - Statistics

General Stats
  • This quiz has been taken 19 times
  • The average score is 29 of 45
Answer Stats
Question Tile Select % Correct
Pick the four items which go together. Baboon No
88%
Pick the four items which go together. Cause No
88%
Pick the four items which go together. Stump Yes
88%
Pick the four items which go together. Boris No
81%
Pick the four items which go together. Christian No
81%
Pick the four items which go together. Jigsaw No
81%
Pick the four items which go together. Leonardo Yes
81%
Pick the four items which go together. Salvador Yes
81%
Pick the four items which go together. Sentinel No
81%
Pick the four items which go together. Feodor No
75%
Pick the four items which go together. Henrik No
75%
Pick the four items which go together. Impractical No
75%
Pick the four items which go together. Propeller Yes
75%
Pick the four items which go together. Temple No
75%
Pick the four items which go together. Umberto No
75%
Pick the four items which go together. Wonder No
75%
Pick the four items which go together. Colon No
69%
Pick the four items which go together. Craze No
69%
Pick the four items which go together. Jet Yes
69%
Pick the four items which go together. Pablo Yes
69%
Pick the four items which go together. Piston No
69%
Pick the four items which go together. Root Yes
69%
Pick the four items which go together. Vincent Yes
69%
Pick the four items which go together. Baffle Yes
63%
Pick the four items which go together. Branch No
63%
Pick the four items which go together. Confuse Yes
63%
Pick the four items which go together. Lava No
63%
Pick the four items which go together. Log No
63%
Pick the four items which go together. Puzzle Yes
63%
Pick the four items which go together. Triangle No
63%
Pick the four items which go together. Cone Yes
56%
Pick the four items which go together. Cylinder No
56%
Pick the four items which go together. Fire No
56%
Pick the four items which go together. Sea Yes
56%
Pick the four items which go together. Tortoiseshell Yes
56%
Pick the four items which go together. Brimstone Yes
50%
Pick the four items which go together. Tail No
50%
Pick the four items which go together. Trunk Yes
50%
Pick the four items which go together. Nut Yes
44%
Pick the four items which go together. Paper Yes
44%
Pick the four items which go together. Barnacle No
38%
Pick the four items which go together. Beak No
38%
Pick the four items which go together. Fin No
31%
Pick the four items which go together. Monarch Yes
31%
Pick the four items which go together. Comma Yes
25%
No matching quizzes found
Score Distribution
Percent of People with Each Score
Percentile by Number Answered
Your Score History
You have not taken this quiz